| 000 | 00000nam 2200000zi 4500 |
| 001 | 9.922281 |
| 003 | CaOODSP |
| 005 | 20230504145838 |
| 006 | m o d f |
| 007 | cr |n||||||||| |
| 008 | 230504s2000 onc o f000 0|eng d |
| 020 | |z0662657179 |
| 040 | |aCaOODSP|beng|erda|cCaOODSP |
| 043 | |an-cn--- |
| 086 | 1 |aC2-332/2000-1E-PDF|zC2-332/2000-1 |
| 245 | 00|aSustainable development strategy : |bat a glance, 2000-2003. |
| 264 | 1|a[Ottawa] : |bIndustry Canada = Industrie Canada, |c[2000] |
| 300 | |a1 online resource (5 unnumbered pages) |
| 336 | |atext|btxt|2rdacontent |
| 337 | |acomputer|bc|2rdamedia |
| 338 | |aonline resource|bcr|2rdacarrier |
| 500 | |aDigitized edition from print [produced by Innovation, Science and Economic Development Canada]. |
| 500 | |aIssued also in French under title: Coup d'oeil sur la stratégie de développement durable, 2000-2003. |
| 500 | |a"53370B." |
| 650 | 0|aSustainable development|xGovernment policy|zCanada. |
| 710 | 1 |aCanada. |bIndustry Canada, |eissuing body. |
| 775 | 08|tCoup d'oeil sur la stratégie de développement durable, 2000-2003.|w(CaOODSP)9.922285 |
| 856 | 40|qPDF|s622 KB|uhttps://publications.gc.ca/collections/collection_2023/isde-ised/c2/C2-332-2000-1-eng.pdf |